GATE Civil Engineering 2020/ (Record no. 172463)

MARC details
000 -LEADER
fixed length control field 00496nam a22001697a 4500
005 - DATE AND TIME OF LATEST TRANSACTION
control field 20200205161450.0
010 ## - LCCN (DPL NO)
LC control number ENG-127650
020 ## - INTERNATIONAL STANDARD BOOK NUMBER
International Standard Book Number 9789353433932
Terms of availability 899.00
035 ## - SYSTEM CONTROL NUMBER
System control number EN-111182
037 ## - SOURCE OF ACQUISITION
Source of stock number/acquisition DBAD/PUB
082 ## - DEWEY DECIMAL CLASSIFICATION NUMBER
Classification number 624
245 ## - TITLE STATEMENT
Title GATE Civil Engineering 2020/
260 ## - PUBLICATION, DISTRIBUTION, ETC. (IMPRINT)
Place of publication, distribution, etc Noida
Name of publisher, distributor, etc Pearson
Date of publication, distribution, etc 2019
270 ## - ADDRESS
City Noida
Address 15th floor,Tower-B,World Trade Tower,plot no.1,Block-c,sector 16
Postal code 201301
300 ## - PHYSICAL DESCRIPTION
Extent various pages
Other physical details 25cm(pbk)
942 ## - ADDED ENTRY ELEMENTS (KOHA)
Source of classification or shelving scheme Dewey Decimal Classification
Item type English Books
Classification part 624
Call number suffix CIV
Holdings
Withdrawn status Lost status Not for loan Collection code Home library Current library Date acquired Source of acquisition Cost, normal purchase price Full call number Barcode Copy number Cost, replacement price Koha item type
    Not For Loan Non-fiction Sarojini Nagar Sarojini Nagar 05/02/2020 DBAD/PUB 899.00 624 CIV EN-111182 1 899.00 English Books

© Delhi Public Library
Hit Counter
free hit counter